Quiz sur la Seine-Maritime - Statistiques

Statistiques générales
  • Ce quiz a été pris 220 fois
  • Le résultat moyen est 16 sur 20
Statistiques - réponses
Question Réponse % Correct
Numéro du département 76
98%
Sous-Préfecture et plus grande ville Le Havre
97%
Région Normandie
97%
Préfecture Rouen
97%
Mer qui borde le département La Manche
96%
Fleuve qui traverse le département La Seine
95%
Héroïne brûlée vive en 1431 dans la préfecture du département Jeanne d'Arc
93%
Le département dispose du deuxième ... de France, après celui de Marseille, en trafic total de marchandises. Port
93%
Commune réputé pour ses falaises et son aiguille Etretat
89%
Eure
88%
Départements limitrophes Calvados
85%
Autre sous-préfecture Dieppe
78%
Espèce d'arbre que l'on trouve à Allouville-Bellefosse, réputé comme le plus vieux de France (entre 800 et 1 200 ans). Chêne
77%
Président de la Vème République né dans le département François Hollande
77%
Somme
75%
Oise
74%
Nom du département avant 1955 Seine-Inférieure
56%
Evénement rassemblant de nombreux voiliers tous les quatre à six ans dans la préfecture et réunissant plus de 3 millions de visiteurs par édition. L'Armada de Rouen
50%
Gentilé Seinomarins
30%
Nombre d'habitants (arrondi à la dizaine de milliers d'habitants) 1 250 000 (1 254 378)
22%
Aucun quiz correspondant
Distribution des résultats
% des personnes avec chaque résultat
Percentile par nombre de réponses
Votre historique - résultats
Vous n’avez pas pris ce quiz